| 000 | 00412nam a22001571a 4500 | ||
|---|---|---|---|
| 020 | _a9788188134502 | ||
| 082 |
_aS 294.592 1 _bSUN/P |
||
| 100 | _aSundar Narayana Jha | ||
| 245 |
_aPurushamedhayajnasya sameekshatmakamadhyayanam/ _cby Sundar Narayana Jha |
||
| 260 |
_aNew Delhi: _bSathyam, _c2006. |
||
| 300 | _a212p. | ||
| 650 | _aVedic Literature | ||
| 650 | _aHinduism | ||
| 650 | _aReligion | ||
| 942 | _cBK | ||
| 999 |
_c36605 _d36605 |
||